| 000 | 00373nam a2200169 4500 | ||
|---|---|---|---|
| 001 | 44002 | ||
| 090 | _a44002 | ||
| 100 | _a20241203 pory50 | ||
| 101 | _apor | ||
| 102 | _aPT | ||
| 200 |
_aTubarões _fJohn Woodward |
||
| 210 |
_aLisboa _cDinalivro _d2005 |
||
| 215 |
_a24, [1] p. _cil. |
||
| 225 |
_aMundos do Saber _v10 |
||
| 675 | _a597 | ||
| 801 |
_aPT _gRPC |
||
| 990 | _cLIVROS | ||